00696cam a22002651a 4500001001300000003000400013005001700017008004100034010001700075025002000092035002000112037001000132040002200142041001600164042001200180050002400192100003300216240004100249245004700290246002100337260001100358300002100369546002300390999001700413sa 68003504 DLC20260227112453.0890814s1967 xx 000 0 hin  asa 68003504  aPL480: I-H-5034 a(OCoLC)23539476 cRs 10 aDLCcMiUdWUdDLC1 ahinenghhin apremarc00aPR6037.H73bF6 19670 aShriman Narayan,d1912-1978.10aJīvana nirjhara.lHindi & English.10aJīvana nirjhara =bThe fountain of life.11aFountain of life c[1967] a151 p. ;c22 cm. aHindi and English. c79530d79530